| 000 | 00491nam a2200181Ia 4500 | ||
|---|---|---|---|
| 999 |
_c3374 _d3374 |
||
| 003 | OSt | ||
| 005 | 20200812122740.0 | ||
| 008 | 190216s9999||||xx |||||||||||||| ||und|| | ||
| 020 | _a9788121920506 | ||
| 040 | _coclc | ||
| 082 |
_a547 _bMAD/O |
||
| 100 |
_aMadan, R L _94067 |
||
| 245 | 0 |
_aOrganic Chemistry / _cR L Madan |
|
| 260 |
_bS Chand & Co, _aNew Delhi: _c2005. |
||
| 300 | _a1064p | ||
| 650 | _aChemistry-Chemistry | ||
| 942 |
_cBK _2ddc _h547 _iMAD/O _k547 _mMAD/O |
||